[Event "East Lansing (Class B/4/4)"]
[Site "?"]
[Date "1995.??.??"]
[Round "?"]
[White "Moore, Robert"]
[Black "Sundeen, David"]
[Result "1-0"]
[WhiteElo "1705"]
[BlackElo "1760"]
[PlyCount "111"]
[EventDate "1995.??.??"]

{4/(4)} 1. e4 e5 2. Nf3 Nf6 3. Nc3 Nc6 4. Bc4 Bc5 5. O-O O-O 6. d3 d6 7. a3 a6
8. h3 h6 9. b4 Ba7 10. Bb3 Nd4 11. Bb2 Nxb3 12. cxb3 Be6 13. Ne2 Qd7 14. Rc1 c6
15. Ng3 Bxh3 16. gxh3 Qxh3 17. d4 Ng4 18. Nf5 Rad8 19. Ne3 Nxe3 20. fxe3 Qg4+
21. Kf2 Qxe4 22. Qe2 Rfe8 23. Rcd1 exd4 24. Bxd4 Bxd4 25. Rxd4 Qe6 26. Qd3 d5
27. Rg1 Kh8 28. Rh4 Kg8 29. Nd4 Qf6+ 30. Rf4 Qe5 31. Rg3 Rd6 32. Rf5 Rf6 33.
Rxf6 Qxf6+ 34. Qf5 Qe5 35. Qxe5 Rxe5 36. Kf3 g6 37. Nc2 Kg7 38. Ne1 b6 39. Nd3
Rf5+ 40. Kg2 Kf6 41. Rf3 g5 42. a4 h5 43. a5 bxa5 44. bxa5 Rxf3 45. Kxf3 Ke6
46. Nc5+ Kd6 47. Nxa6 f5 48. Nb4 Kc5 49. a6 Kb6 50. a7 Kxa7 51. Nxc6+ Kb6 52.
Ne7 f4 53. Nxd5+ Kc5 54. Nxf4 gxf4 55. exf4 h4 56. Kg4 1-0

[Event "Eastpointe (MCO/1/37)"]
[Site "?"]
[Date "1995.??.??"]
[Round "?"]
[White "Moore, Robert"]
[Black "Sturgis, Derreck"]
[Result "1-0"]
[WhiteElo "1705"]
[BlackElo "1605"]
[PlyCount "135"]
[EventDate "1995.??.??"]

{1/(37)} 1. e4 c5 2. Nf3 Nc6 3. d4 cxd4 4. Nxd4 Nf6 5. Nc3 e5 6. Nf3 Bb4 7. Bg5
a6 8. Be2 d6 9. O-O Be6 10. Nd5 Bxd5 11. exd5 Nb8 12. c3 Bc5 13. b4 Ba7 14.
Qa4+ b5 15. Qb3 Nbd7 16. a4 Qb6 17. Be3 Qb7 18. axb5 Bxe3 19. bxa6 Qb6 20. Qc4
O-O 21. fxe3 Rfc8 22. Qb5 Qxe3+ 23. Kh1 Rxc3 24. Qb7 Rcc8 25. Qb5 Rab8 26. Qd3
Qxd3 27. Bxd3 e4 28. a7 Ra8 29. Ba6 Rc7 30. Nd4 Rcxa7 31. b5 Nxd5 32. Nc6 Rc7
33. Rfd1 N7b6 34. Rd4 e3 35. Re4 f5 36. Re6 Nc4 37. Kg1 Kf7 38. Nd4 g6 39. g3
Re8 40. Rxe8 Kxe8 41. Rd1 Nc3 42. Re1 Re7 43. Kg2 Nd5 44. Ne2 Kf7 45. Rc1 Ndb6
46. Kf3 Kf6 47. Rc3 d5 48. Nf4 d4 49. Rxc4 Nxc4 50. Nd5+ Ke6 51. Nxe7 Kxe7 52.
Ke2 Kd6 53. Bb7 Kc5 54. Bc6 Ne5 55. Be8 Kc4 56. b6 d3+ 57. Kxe3 Ng4+ 58. Kd2
Nxh2 59. Bc6 Nf3+ 60. Bxf3 g5 61. b7 f4 62. gxf4 gxf4 63. b8=Q h5 64. Qc7+ Kb3
65. Qc3+ Ka4 66. Qb2 h4 67. Kxd3 h3 68. Kc4 1-0

[Event "East Lansing (MOR/5/11)"]
[Site "?"]
[Date "1995.??.??"]
[Round "?"]
[White "Moore, Robert"]
[Black "Scioly, Tony"]
[Result "0-1"]
[WhiteElo "1700"]
[BlackElo "1605"]
[PlyCount "78"]
[EventDate "1995.??.??"]

{5/(11)} 1. e4 c5 2. Nf3 d6 3. d4 cxd4 4. Nxd4 Nf6 5. Nc3 g6 6. Bc4 Bg7 7. Be3
O-O 8. Qd2 Nbd7 9. f4 Nc5 10. Bd3 Bd7 11. h3 Rc8 12. g4 Na4 13. Nxa4 Bxa4 14.
f5 Nd7 15. h4 Ne5 16. Be2 d5 17. fxg6 fxg6 18. b3 Bd7 19. Rg1 Nf3+ 20. Bxf3
Rxf3 21. Nxf3 Bc3 22. O-O-O Bxd2+ 23. Rxd2 Rc3 24. Re1 Qc7 25. exd5 Qg3 26. Kb2
Rc8 27. Rf2 Rf8 28. Ref1 Qd6 29. Bh6 Rf6 30. g5 Rf5 31. Nd4 Rxf2 32. Rxf2 Bf5
33. Nxf5 Qe5+ 34. c3 gxf5 35. g6 hxg6 36. Rg2 Kf7 37. Bg5 Qxd5 38. Re2 e5 39.
Rd2 Qe6 0-1

[Event "East Lansing (MOR/7/13)"]
[Site "?"]
[Date "1995.??.??"]
[Round "?"]
[White "Moore, Robert"]
[Black "Marson, Michael"]
[Result "0-1"]
[WhiteElo "1700"]
[BlackElo "1605"]
[PlyCount "164"]
[EventDate "1995.??.??"]

{7/(13)} 1. e4 e6 2. d4 d5 3. e5 c5 4. c3 Nc6 5. Nf3 Qb6 6. Be2 cxd4 7. cxd4
Bb4+ 8. Nc3 f6 9. O-O fxe5 10. dxe5 Nge7 11. Be3 Qc7 12. Nb5 Qb8 13. a3 Ba5 14.
Nd6+ Kd7 15. b4 Bc7 16. b5 Nxe5 17. Nxe5+ Kxd6 18. Nf7+ Kd7 19. Nxh8 Bxh2+ 20.
Kh1 Nf5 21. b6 Ke7 22. Bc5+ Bd6 23. Qc1 Bxc5 24. Qxc5+ Qd6 25. Qxd6+ Nxd6 26.
bxa7 Rxa7 27. Rfc1 Ra8 28. Rc7+ Bd7 29. Nf7 Nxf7 30. Rxb7 Kd6 31. Rb6+ Ke5 32.
Rb7 Be8 33. a4 Kf6 34. a5 Nd6 35. Rc7 Ne4 36. f3 Ng3+ 37. Kh2 Nxe2 38. a6 Nd4
39. Rb7 Bc6 40. Rb6 Be8 41. a7 Bc6 42. Ra5 Ke5 43. Kg3 Kf5 44. Kf2 g5 45. Ke3
e5 46. g4+ Ke6 47. Raa6 Kd7 48. Rb8 Nb5 49. Rxc6 Rxa7 50. Rc2 Nd4 51. Rc3 Ne6
52. Rc2 Nd4 53. Rc3 Nc6 54. Rcb3 Nxb8 55. Rxb8 h6 56. Rh8 Ra6 57. Rh7+ Kc8 58.
Rh8+ Kb7 59. Re8 Ra3+ 60. Ke2 Ra2+ 61. Kd3 e4+ 62. fxe4 dxe4+ 63. Rxe4 Ra6 64.
Ke3 Kc7 65. Rd4 Rd6 66. Rxd6 Kxd6 67. Kd4 Ke6 68. Ke4 Kf6 69. Kd4 Kg6 70. Ke4
h5 71. gxh5+ Kxh5 72. Kf3 Kh4 73. Kg2 Kg4 74. Kg1 Kg3 75. Kh1 Kf2 76. Kh2 g4
77. Kh1 Kf3 78. Kh2 Kf2 79. Kh1 Kg3 80. Kg1 Kh3 81. Kh1 g3 82. Kg1 g2 0-1

[Event "Eastpointe (MCO/5/21)"]
[Site "?"]
[Date "1995.??.??"]
[Round "?"]
[White "Moore, Robert"]
[Black "Libby, Dan"]
[Result "0-1"]
[WhiteElo "1705"]
[BlackElo "1740"]
[PlyCount "88"]
[EventDate "1995.??.??"]

{5/(21)} 1. e4 c5 2. Nf3 Nc6 3. d4 cxd4 4. Nxd4 g6 5. Nc3 Bg7 6. Nxc6 bxc6 7.
Bd2 d5 8. exd5 cxd5 9. Bb5+ Bd7 10. Bxd7+ Qxd7 11. Qf3 e6 12. O-O Ne7 13. Rab1
O-O 14. h4 Nc6 15. Ne2 Ne5 16. Qg3 Nc4 17. Bc3 Rfc8 18. Bxg7 Kxg7 19. Rfd1 Rab8
20. Nf4 Qe7 21. b3 Nd6 22. f3 Nf5 23. Qf2 Qxh4 24. Qxh4 Nxh4 25. Rd2 Rc3 26.
Ne2 Rxf3 27. Kh2 Re3 28. Nd4 Nf5 29. Nc6 Rb6 30. Nxa7 Ra6 31. Nc8 Rc3 32. b4
Rxc8 33. b5 Rb6 34. a4 Ra8 35. Ra1 Nd6 36. c4 Nxc4 37. Rda2 Na5 38. Rc1 Nc4 39.
Rb1 e5 40. Kg1 e4 41. Kf2 d4 42. Ke1 d3 43. Rb4 Nd6 44. Kd2 f5 0-1

[Event "Troy (US Am N/2/10)"]
[Site "?"]
[Date "1995.??.??"]
[Round "?"]
[White "Moore, Robert"]
[Black "Landis, M."]
[Result "0-1"]
[WhiteElo "1715"]
[BlackElo "1975"]
[PlyCount "92"]
[EventDate "1995.??.??"]

{2/(10)} 1. e4 e5 2. Nf3 Nc6 3. Bb5 d6 4. O-O Bg4 5. h3 Bh5 6. Re1 Nge7 7. g4
Bg6 8. d4 a6 9. Bf1 exd4 10. Nxd4 Nxd4 11. Qxd4 Nc6 12. Qc3 f6 13. Bf4 h5 14.
Qg3 hxg4 15. Qxg4 Bf7 16. c3 Ne5 17. Qg3 g5 18. Bxe5 dxe5 19. Qe3 Be6 20. Nd2
Qd7 21. Rad1 Bxh3 22. Qg3 O-O-O 23. Nf3 Qe6 24. Rxd8+ Kxd8 25. Rd1+ Kc8 26.
Bxh3 Rxh3 27. Qg2 Rh8 28. Nh2 Rh4 29. f3 Bc5+ 30. Kf1 Qxa2 31. Ng4 Qc4+ 32. Ke1
Be7 33. Ne3 Qa2 34. Nf5 Rh7 35. Nxe7+ Rxe7 36. Qh3+ Qe6 37. Qh2 Re8 38. Qh7 g4
39. fxg4 Qxg4 40. Rd2 Rg8 41. Rf2 Rd8 42. Qf5+ Qxf5 43. exf5 c5 44. Rh2 Rd7 45.
Ke2 Kc7 46. Ke3 Kc6 0-1

[Event "Eastpointe (EDO/1/13)"]
[Site "?"]
[Date "1995.??.??"]
[Round "?"]
[White "Moore, Robert"]
[Black "Jackson, K."]
[Result "1-0"]
[WhiteElo "1700"]
[BlackElo "1605"]
[PlyCount "67"]
[EventDate "1995.??.??"]

{1/(13)} 1. e4 e6 2. d4 d5 3. e5 c5 4. Nf3 Nc6 5. c3 a6 6. Be2 Be7 7. O-O f6 8.
Bf4 g5 9. exf6 Bxf6 10. Be5 g4 11. Bxf6 Qxf6 12. Ne5 Nxe5 13. dxe5 Qxe5 14.
Bxg4 Nf6 15. Re1 Qd6 16. Bh5+ Ke7 17. Nd2 Rg8 18. Nf1 Bd7 19. Ng3 Raf8 20. Nf5+
Kd8 21. Nxd6 Kc7 22. Nf7 Be8 23. Rxe6 Bxf7 24. Re7+ Kd8 25. Rxf7 Rxf7 26. Bxf7
Rg5 27. Qe2 d4 28. cxd4 cxd4 29. Rd1 Rd5 30. Bxd5 Nxd5 31. Rxd4 h5 32. Rxd5+
Kc7 33. Qe6 a5 34. Rd7+ 1-0

[Event "Eastpointe (EDO/3/7)"]
[Site "?"]
[Date "1995.??.??"]
[Round "?"]
[White "Moore, Robert"]
[Black "Jackson, J."]
[Result "1-0"]
[WhiteElo "1700"]
[BlackElo "1800"]
[PlyCount "105"]
[EventDate "1995.??.??"]

{3/(7)} 1. e4 c5 2. Nf3 d6 3. d4 cxd4 4. Nxd4 Nf6 5. Nc3 g6 6. Bg5 Bg7 7. Qd2
Nc6 8. Nb3 O-O 9. O-O-O Bd7 10. Bh6 Rc8 11. Bxg7 Kxg7 12. h4 h5 13. f3 Na5 14.
Qe3 a6 15. Be2 b5 16. a3 Nc4 17. Bxc4 bxc4 18. Nd2 Qc7 19. Kb1 Be6 20. Qd4 Qb7
21. Ka1 Rb8 22. Rb1 Rfc8 23. b3 cxb3 24. Nxb3 Qc6 25. Na2 Qxc2 26. Rb2 Qc3 27.
Nxc3 Bxb3 28. Rhb1 Rc4 29. Qxc4 Bxc4 30. Rxb8 Bd3 31. Rd1 Bc4 32. Nd5 Nd7 33.
Rd8 Nc5 34. Nxe7 Be6 35. R8xd6 Kf6 36. Nd5+ Ke5 37. Nc7 Nb3+ 38. Kb2 Nc5 39.
Nxe6 Nxe6 40. Rxe6+ fxe6 41. g3 a5 42. Kc3 a4 43. Kb4 Kf6 44. Kxa4 g5 45. Kb5
gxh4 46. gxh4 e5 47. a4 Ke6 48. a5 Kf6 49. a6 Ke6 50. a7 Kf7 51. a8=Q Kf6 52.
Qc6+ Ke7 53. Rd7+ 1-0

[Event "East Lansing (Class B/2/9)"]
[Site "?"]
[Date "1995.??.??"]
[Round "?"]
[White "Moore, Robert"]
[Black "Grzegorczyk, Ron"]
[Result "1-0"]
[WhiteElo "1705"]
[BlackElo "1615"]
[PlyCount "47"]
[EventDate "1995.??.??"]

{2/(9)} 1. e4 c5 2. Nf3 Nc6 3. d4 cxd4 4. Nxd4 e6 5. a3 a6 6. Nc3 Be7 7. Be3
Bg5 8. f4 Bh4+ 9. g3 Be7 10. Qg4 g6 11. O-O-O d6 12. Qf3 Bd7 13. Bc4 Qc7 14.
Bb3 O-O-O 15. Na4 Na5 16. Nc3 Nf6 17. e5 Ne8 18. Qf2 Nxb3+ 19. Nxb3 Ba4 20.
Nxa4 dxe5 21. Bb6 Rxd1+ 22. Rxd1 Qc6 23. Nc3 exf4 24. Qxf4 1-0

[Event "Eastpointe (EDO/5/8)"]
[Site "?"]
[Date "1995.??.??"]
[Round "?"]
[White "Moore, Robert"]
[Black "Grams, Paul"]
[Result "0-1"]
[WhiteElo "1700"]
[BlackElo "1805"]
[PlyCount "78"]
[EventDate "1995.??.??"]

{5/(8)} 1. e4 c5 2. Nf3 Nc6 3. d4 cxd4 4. Nxd4 Nf6 5. Nc3 e6 6. a3 a6 7. Be2
Be7 8. Be3 O-O 9. O-O Qc7 10. f4 d6 11. Bf3 Na5 12. Be2 Nc4 13. Bxc4 Qxc4 14.
Qd3 Qc7 15. Rac1 b5 16. Nf3 Bb7 17. Bd4 Rfd8 18. Qe3 Ng4 19. Qe2 e5 20. Bf2
Nxf2 21. Rxf2 d5 22. Kh1 Bc5 23. Rff1 exf4 24. exd5 Bxa3 25. Nxb5 axb5 26. bxa3
Bxd5 27. Rfe1 Bc4 28. Qe4 Qd6 29. h3 f6 30. Kh2 Rxa3 31. Rcd1 Bd5 32. Qd4 Re3
33. Kg1 Rxe1+ 34. Rxe1 Bxf3 35. Qxd6 Rxd6 36. gxf3 Rc6 37. Re2 Rc3 38. Kf2 g5
39. Rd2 Kf7 0-1

[Event "Eastpointe (MCO/2/17)"]
[Site "?"]
[Date "1995.??.??"]
[Round "?"]
[White "Moore, Robert"]
[Black "Forte, Joe"]
[Result "0-1"]
[WhiteElo "1705"]
[BlackElo "1915"]
[PlyCount "82"]
[EventDate "1995.??.??"]

{2/(17)} 1. e4 c5 2. Nf3 g6 3. d4 Bg7 4. dxc5 Qa5+ 5. Bd2 Qxc5 6. Nc3 d6 7. Be2
Nf6 8. O-O O-O 9. Be3 Qa5 10. Nd4 Nc6 11. Nb3 Qd8 12. Qd2 Ng4 13. Bxg4 Bxg4 14.
Bh6 Rc8 15. Bxg7 Kxg7 16. h3 Be6 17. Nd4 Bc4 18. Nxc6 Rxc6 19. Rfe1 b6 20. b3
Be6 21. Nb5 a6 22. Nd4 Rc8 23. Nxe6+ fxe6 24. c4 Rc5 25. Rac1 Qd7 26. b4 Rc6
27. b5 axb5 28. cxb5 Rxc1 29. Rxc1 Qxb5 30. Rc7 Rf7 31. Qd4+ e5 32. Qd5 Qxd5
33. exd5 e6 34. Rc6 exd5 35. Rxd6 d4 36. Rxb6 Rc7 37. Re6 d3 38. Rd6 e4 39. f3
e3 40. Rxd3 Rc1+ 41. Kh2 e2 0-1

[Event "East Lansing (MOR/1b/9)"]
[Site "?"]
[Date "1995.??.??"]
[Round "?"]
[White "Moore, Robert"]
[Black "Charette, K."]
[Result "1-0"]
[WhiteElo "1700"]
[BlackElo "1605"]
[PlyCount "83"]
[EventDate "1995.??.??"]

1. e4 e5 2. Nf3 Nf6 3. Nxe5 d6 4. Nf3 Nxe4 5. Bc4 Bg4 6. O-O Be7 7. d3 Nf6 8.
h3 Bh5 9. Nc3 O-O 10. Ne2 Bxf3 11. gxf3 Qd7 12. Kh2 Nc6 13. Rg1 d5 14. Bb3 Bd6+
15. Ng3 Nh5 16. Qf1 Nd4 17. Kg2 Nf4+ 18. Bxf4 Bxf4 19. c3 Ne6 20. Rh1 c5 21.
Rd1 b5 22. d4 c4 23. Bc2 a5 24. Bb1 b4 25. Qe2 Rfe8 26. Qc2 g6 27. Rde1 Bd6 28.
Ne2 Qd8 29. h4 Be7 30. Kg3 Qd6+ 31. f4 Ng7 32. h5 Nf5+ 33. Kf3 Nh4+ 34. Kg3
Nf5+ 35. Kf3 Ra6 36. Qa4 Rd8 37. Bxf5 gxf5 38. Ng3 Qd7 39. Qxd7 Rxd7 40. Nxf5
Raa7 41. Rhg1+ Kf8 42. Nh6 1-0

[Event "East Lansing (MI Op/6/8)"]
[Site "?"]
[Date "1995.??.??"]
[Round "?"]
[White "Moore, Dan"]
[Black "Zaremba, Andrei"]
[Result "1/2-1/2"]
[WhiteElo "2060"]
[BlackElo "2040"]
[PlyCount "133"]
[EventDate "1995.??.??"]

{6/(8)} 1. e4 c5 2. Nf3 d6 3. d4 cxd4 4. Nxd4 Nf6 5. Nc3 a6 6. Bc4 e6 7. Bb3
Be7 8. g4 d5 9. exd5 Nxd5 10. Nxd5 exd5 11. Nf5 Bxf5 12. gxf5 d4 13. Bd2 O-O
14. Qh5 Nc6 15. O-O-O Bf6 16. Rhg1 Na5 17. Rg3 Nxb3+ 18. Rxb3 g6 19. fxg6 fxg6
20. Qe2 Qc7 21. Qe6+ Qf7 22. Re1 b5 23. Rf3 Qxe6 24. Rxe6 Bg7 25. Rf4 Rxf4 26.
Bxf4 Rf8 27. Bg3 Rf6 28. Re4 Rc6 29. Kd2 Kf7 30. Kd3 Re6 31. b3 Rc6 32. Re2
Rc3+ 33. Ke4 Ke6 34. Bb8 Rc5 35. f4 Rf5 36. Ba7 Bh6 37. Kxd4+ Kd7 38. Bb8 Bxf4
39. Bxf4 Rxf4+ 40. Kc5 Rf6 41. c4 bxc4 42. bxc4 g5 43. Rb2 Kc7 44. Re2 Rf5+ 45.
Kd4 h5 46. Re5 Rf2 47. Rxg5 Rxh2 48. Rg7+ Kc6 49. Rg6+ Kb7 50. Rh6 Rxa2 51.
Rxh5 Rg2 52. Rh7+ Kc6 53. Rh6+ Kb7 54. Kc5 a5 55. Rh7+ Kc8 56. Ra7 Kb8 57. Rxa5
Rg5+ 58. Kb6 Rxa5 59. Kxa5 Kc7 60. Kb5 Kb7 61. c5 Kc7 62. c6 Kc8 63. Kc5 Kc7
64. Kd5 Kc8 65. Kd6 Kd8 66. c7+ Kc8 67. Kc6 1/2-1/2

[Event "East Lansing (MI Op/4/13)"]
[Site "?"]
[Date "1995.??.??"]
[Round "?"]
[White "Moore, Dan"]
[Black "Turner, Keita"]
[Result "1/2-1/2"]
[WhiteElo "2060"]
[BlackElo "1900"]
[PlyCount "72"]
[EventDate "1995.??.??"]

{4/(13)} 1. e4 c5 2. Nf3 Nc6 3. Nc3 g6 4. d4 cxd4 5. Nxd4 Bg7 6. Be3 Nf6 7. Bc4
Qa5 8. O-O O-O 9. h3 Qb4 10. Nxc6 bxc6 11. Qd3 d5 12. exd5 Bf5 13. Qe2 Qxb2 14.
Bd4 c5 15. Bxf6 Bxf6 16. Ne4 Bxe4 17. Qxe4 Rab8 18. Rab1 Qxb1 19. Rxb1 Rxb1+
20. Kh2 Kg7 21. Bb3 Rb2 22. f4 a5 23. Qc4 Bd4 24. Qb5 Be3 25. Qc4 Rb1 26. Qe4
Re1 27. Qc4 f6 28. Kg3 g5 29. fxg5 Bxg5 30. Kf2 Re5 31. Qg4 Kh6 32. h4 Bd2 33.
c4 Rf7 34. Bc2 Rg7 35. Qf3 Be1+ 36. Kf1 Bxh4 1/2-1/2

[Event "East Lansing (MI Op/2/13)"]
[Site "?"]
[Date "1995.??.??"]
[Round "?"]
[White "Moore, Dan"]
[Black "Brady, Lindell"]
[Result "1-0"]
[WhiteElo "2015"]
[BlackElo "1900"]
[PlyCount "153"]
[EventDate "1995.??.??"]

{2/(13)} 1. e4 e5 2. f4 Qh4+ 3. g3 Qe7 4. Nc3 d6 5. Nd5 Qd8 6. Nf3 exf4 7. d4
Nf6 8. Nxf6+ Qxf6 9. Bxf4 Bg4 10. Bg2 Nc6 11. c3 O-O-O 12. Qa4 Kb8 13. O-O h6
14. e5 Qe6 15. d5 Qxd5 16. Nd4 Qc5 17. b4 Qb6 18. Bxc6 bxc6 19. Kg2 Bd7 20.
exd6 cxd6 21. Rab1 Ka8 22. b5 c5 23. Nc6 Rc8 24. Na5 Rb8 25. Qe4+ Rb7 26. Qxb7+
Qxb7+ 27. Nxb7 Kxb7 28. Rfd1 Kc7 29. c4 g5 30. Bd2 Bg7 31. Ba5+ Kb7 32. Rxd6
Be6 33. Re1 Bd4 34. a4 h5 35. Bd2 Rg8 36. a5 h4 37. a6+ Kc7 38. Rdxe6 fxe6 39.
Rxe6 hxg3 40. hxg3 Kd7 41. Re4 Rg6 42. Be3 Bxe3 43. Rxe3 g4 44. Re5 Kd6 45.
Rd5+ Kc7 46. Rxc5+ Kb6 47. Re5 Rg7 48. Kf2 Rc7 49. Re4 Rf7+ 50. Ke2 Rg7 51. Kd2
Kc5 52. Kc3 Kd6 53. Kb4 Kc7 54. Rd4 Rg5 55. Rd5 Rg6 56. c5 Re6 57. Rd4 Rg6 58.
Rf4 Rg8 59. Rf7+ Kb8 60. Rb7+ Ka8 61. Ka5 Rg5 62. Re7 Rg8 63. Re5 Kb8 64. b6
axb6+ 65. cxb6 Ka8 66. Kb5 Kb8 67. Kc5 Kc8 68. Rd5 Kb8 69. Rd7 Rg5+ 70. Kc6
Rg6+ 71. Rd6 Rg8 72. b7 Ka7 73. Kc7 Rg7+ 74. Kc8 Rxb7 75. Rd7 Rxd7 76. Kxd7
Kxa6 77. Ke6 1-0

[Event "Eastpointe (MCO/3/14)"]
[Site "?"]
[Date "1995.??.??"]
[Round "?"]
[White "Moody, David"]
[Black "West, Tony"]
[Result "1/2-1/2"]
[WhiteElo "2000"]
[BlackElo "1615"]
[PlyCount "78"]
[EventDate "1995.??.??"]

{3/(14)} 1. e4 c5 2. Nf3 Nc6 3. d4 cxd4 4. Nxd4 Nf6 5. Nc3 e5 6. Ndb5 d6 7. Nd5
Nxd5 8. exd5 Ne7 9. c4 Ng6 10. Be3 a6 11. Nc3 f5 12. f3 Be7 13. Bd3 Bg5 14. Qd2
Bxe3 15. Qxe3 Nf4 16. Qd2 Nxd3+ 17. Qxd3 Qg5 18. Qd2 Qh4+ 19. g3 Qxc4 20. Rc1
Qb4 21. O-O Qb6+ 22. Kh1 Qd8 23. g4 O-O 24. gxf5 Bxf5 25. Rg1 Rf6 26. Ne4 Rg6
27. Rxg6 Bxg6 28. Qb4 Bxe4 29. fxe4 Qd7 30. Rf1 Rc8 31. Qb3 Rf8 32. Rxf8+ Kxf8
33. Qb6 Kf7 34. Qf2+ Kg8 35. Qb6 g5 36. Kg2 Qg4+ 37. Kf2 Qf4+ 38. Kg1 Qg4+ 39.
Kf2 Qf4+ 1/2-1/2

[Event "Troy (US Am N/1/47)"]
[Site "?"]
[Date "1995.??.??"]
[Round "?"]
[White "Moody, David"]
[Black "West, Tony"]
[Result "1-0"]
[WhiteElo "2000"]
[BlackElo "1605"]
[PlyCount "50"]
[EventDate "1995.??.??"]

{1/(47)} 1. e4 c5 2. Nf3 Nc6 3. d4 cxd4 4. Nxd4 Nf6 5. Nc3 e5 6. Ndb5 d6 7. Nd5
Nxd5 8. exd5 Nb8 9. c4 a6 10. Qa4 Bd7 11. Be3 Be7 12. Qa3 Bf5 13. c5 dxc5 14.
d6 Bxd6 15. Rd1 axb5 16. Qxa8 O-O 17. Bxc5 Bxc5 18. Rxd8 Rxd8 19. Bxb5 Bb4+ 20.
Kf1 Rd1+ 21. Ke2 Rxh1 22. Qxb8+ Bf8 23. Qxb7 Rxh2 24. Bc4 Bg6 25. a4 Rxg2 1-0

[Event "Troy (TCC/2/8)"]
[Site "?"]
[Date "1995.??.??"]
[Round "?"]
[White "Moody, David"]
[Black "Ward, Tim"]
[Result "1-0"]
[WhiteElo "2000"]
[BlackElo "1970"]
[PlyCount "79"]
[EventDate "1995.??.??"]

{2/(8)} 1. e4 e6 2. d4 d5 3. Be3 dxe4 4. Nd2 Nf6 5. c3 Bd7 6. Qc2 Bc6 7. Ne2
Nbd7 8. Ng3 Be7 9. O-O-O Ng4 10. Ngxe4 Ndf6 11. Bd3 Nd5 12. Nc4 Ngxe3 13. Nxe3
Bg5 14. Rhe1 Qe7 15. Kb1 Bxe3 16. fxe3 b6 17. Nd2 O-O-O 18. Nf3 f6 19. Bxh7 f5
20. Ne5 Be8 21. Bg6 Rxh2 22. Qe2 Kb7 23. c4 Bxg6 24. cxd5 Bh5 25. Qb5 Rxd5 26.
Qc6+ Kb8 27. Qxd5 exd5 28. Nc6+ Kc8 29. Nxe7+ Kd7 30. Nxd5 Bxd1 31. Rxd1 Rxg2
32. Rf1 c6 33. Nf4 Rg3 34. Nh5 Rg5 35. Rh1 Kd6 36. Kc2 Rg2+ 37. Kc3 g5 38. Rh3
g4 39. Rg3 Rh2 40. Ng7 1-0

[Event "Eastpointe (MCO/1/17)"]
[Site "?"]
[Date "1995.??.??"]
[Round "?"]
[White "Moody, David"]
[Black "Venia, Mike"]
[Result "1-0"]
[WhiteElo "2000"]
[BlackElo "1605"]
[PlyCount "45"]
[EventDate "1995.??.??"]

{1/(17)} 1. e4 Nf6 2. Nc3 d5 3. e5 Nfd7 4. e6 fxe6 5. d4 Nf6 6. Nf3 Nc6 7. Bf4
Bd7 8. Bd3 Nb4 9. Ne5 Nxd3+ 10. Qxd3 c5 11. dxc5 Qc7 12. Ng6 Qxc5 13. Nxh8 g6
14. Nxg6 Ng4 15. O-O d4 16. Nxf8 O-O-O 17. Ne4 Qf5 18. Qc4+ Bc6 19. Qxe6+ Qxe6
20. Nxe6 Bxe4 21. Nxd8 Kxd8 22. f3 e5 23. Bg5+ 1-0

[Event "Gaylord (NMO/3/2)"]
[Site "?"]
[Date "1995.??.??"]
[Round "?"]
[White "Moody, David"]
[Black "Smalec, John"]
[Result "1-0"]
[WhiteElo "2000"]
[BlackElo "1715"]
[PlyCount "75"]
[EventDate "1995.??.??"]

{3/(2)} 1. e4 e6 2. d4 d5 3. Nc3 Bb4 4. e5 c5 5. a3 Bxc3+ 6. bxc3 Ne7 7. Nf3
Qa5 8. Bd2 Nbc6 9. a4 Bd7 10. Bb5 O-O 11. O-O Rac8 12. Qe2 a6 13. Bxc6 bxc6 14.
Rfb1 Rb8 15. Rb3 c4 16. Rb4 c5 17. dxc5 Qxc5 18. Be3 Qc7 19. a5 Nc6 20. Rb6
Nxe5 21. Rxa6 Nxf3+ 22. Qxf3 Ra8 23. Rb6 Rfb8 24. Rab1 Rxb6 25. Bxb6 Qb7 26. h3
Rxa5 27. Rb4 Ra1+ 28. Kh2 Qb8+ 29. g3 h6 30. Bd4 Qc7 31. Qe3 Ra2 32. Be5 Qa7
33. Rb8+ Kh7 34. Rh8+ Kg6 35. Qf4 f6 36. Rxh6+ Kf7 37. Bxf6 Kg8 38. Rh8+ 1-0

[Event "Gaylord (NMO/1/5)"]
[Site "?"]
[Date "1995.??.??"]
[Round "?"]
[White "Moody, David"]
[Black "Rosebrook, G."]
[Result "1-0"]
[WhiteElo "2000"]
[BlackElo "1605"]
[PlyCount "31"]
[EventDate "1995.??.??"]

{1/(5)} 1. e4 c5 2. Nf3 e6 3. d4 Nf6 4. e5 Nd5 5. c4 Nb6 6. d5 d6 7. Nc3 Be7 8.
Bd3 Bd7 9. Bf4 Qc7 10. O-O Na6 11. a3 O-O-O 12. dxe6 Bxe6 13. exd6 Bxd6 14. Nb5
Bxf4 15. Nxc7 Nxc4 16. Nxe6 1-0

[Event "East Lansing (MI Op/5/19)"]
[Site "?"]
[Date "1995.??.??"]
[Round "?"]
[White "Moody, David"]
[Black "Lubben, Don"]
[Result "0-1"]
[WhiteElo "2015"]
[BlackElo "1855"]
[PlyCount "48"]
[EventDate "1995.??.??"]

{5/(19)} 1. e4 e6 2. d4 d5 3. Nc3 Bb4 4. e5 c5 5. a3 Bxc3+ 6. bxc3 Qc7 7. Nf3
Nc6 8. a4 Nge7 9. Bb5 Bd7 10. O-O O-O 11. Bxc6 Nxc6 12. Ng5 f6 13. exf6 Rxf6
14. Qh5 h6 15. Nf3 Raf8 16. Ba3 Be8 17. Qh3 Rg6 18. Nh4 Rgf6 19. Nf3 Bg6 20.
Bxc5 R8f7 21. Ne5 Nxe5 22. dxe5 Rf4 23. Qxe6 Qxc5 24. Qxg6 Rxf2 0-1

[Event "East Lansing (MI Op/6/24)"]
[Site "?"]
[Date "1995.??.??"]
[Round "?"]
[White "Moody, David"]
[Black "Kung, Fred"]
[Result "1-0"]
[WhiteElo "2015"]
[BlackElo "1875"]
[PlyCount "117"]
[EventDate "1995.??.??"]

{6/(24)} 1. d4 d5 2. c4 e6 3. Nc3 c5 4. cxd5 exd5 5. Nf3 Nc6 6. g3 Nf6 7. Bg2
Be7 8. Bg5 cxd4 9. Nxd4 O-O 10. O-O h6 11. Be3 Re8 12. Rc1 Bf8 13. Nxc6 bxc6
14. Na4 Ng4 15. Bc5 Ba6 16. Bf3 Ne5 17. Bg2 Ng4 18. Re1 Qf6 19. Bd4 Qg6 20. Nc5
Bc8 21. e3 a5 22. Qa4 Bf5 23. Rc3 Ne5 24. Rec1 Nc4 25. Rxc4 dxc4 26. Bxc6 Bxc5
27. Bxa8 Rxa8 28. Bxc5 Bd3 29. b4 Qe4 30. b5 Qf3 31. Qd1 Qd5 32. a4 Qxc5 33.
Qxd3 cxd3 34. Rxc5 Rd8 35. Rc1 Kf8 36. Kf1 Ke7 37. Rb1 Rd6 38. b6 d2 39. Ke2
d1=Q+ 40. Rxd1 Rxb6 41. Rd5 Ra6 42. Kd3 Ke6 43. e4 Ra7 44. Kc4 g6 45. Kb5 Rb7+
46. Kxa5 Rb2 47. Rb5 Rxf2 48. Kb6 Rxh2 49. a5 Rd2 50. a6 Rd6+ 51. Ka5 Rd8 52.
a7 Ra8 53. Ka6 f5 54. exf5+ gxf5 55. Rb6+ Ke5 56. Rxh6 Rg8 57. Kb5 Ke4 58. Ra6
Ra8 59. Ra3 1-0

[Event "Troy (TCC/4/3)"]
[Site "?"]
[Date "1995.??.??"]
[Round "?"]
[White "Moody, David"]
[Black "Kende, M."]
[Result "1/2-1/2"]
[WhiteElo "2000"]
[BlackElo "1990"]
[PlyCount "46"]
[EventDate "1995.??.??"]

{4/(3)} 1. e4 c5 2. Nf3 Nc6 3. d4 cxd4 4. Nxd4 g6 5. c4 Bg7 6. Be3 Nf6 7. Nc3
Ng4 8. Qxg4 Nxd4 9. Qd1 e5 10. Qd2 O-O 11. O-O-O Qa5 12. Bh6 b5 13. cxb5 a6 14.
b6 Qxb6 15. Bxg7 Kxg7 16. Nd5 Qc5+ 17. Kb1 Bb7 18. Rc1 Qd6 19. Bc4 Rac8 20. f3
Rc5 21. Ne3 h5 22. Bd5 Bxd5 23. Nxd5 Rfc8 1/2-1/2

[Event "Gaylord (NMO/5/4)"]
[Site "?"]
[Date "1995.??.??"]
[Round "?"]
[White "Moody, David"]
[Black "Kelly, J."]
[Result "1-0"]
[WhiteElo "2000"]
[BlackElo "1685"]
[PlyCount "57"]
[EventDate "1995.??.??"]

{5/(4)} 1. e4 e5 2. Nf3 Nc6 3. d4 exd4 4. Bc4 Bb4+ 5. c3 dxc3 6. O-O Nf6 7. a3
Be7 8. e5 Ng4 9. Qd5 O-O 10. h3 cxb2 11. Bxb2 Nh6 12. Nc3 d6 13. Rad1 Be6 14.
Qe4 Bxc4 15. Qxc4 Qc8 16. Nd5 Re8 17. Qc3 dxe5 18. Nxe5 Bf8 19. Nxc6 bxc6 20.
Nf6+ Kh8 21. Nxe8 Qxe8 22. Rfe1 Qc8 23. Qxc6 Rb8 24. Rd2 Bd6 25. Rde2 Qf5 26.
Be5 Rb6 27. Qe8+ Ng8 28. Bxd6 Rxd6 29. Qxg8+ 1-0

[Event "Eastpointe (MCO/5/15)"]
[Site "?"]
[Date "1995.??.??"]
[Round "?"]
[White "Moody, David"]
[Black "Hartwig, Thomas"]
[Result "1-0"]
[WhiteElo "2000"]
[BlackElo "1605"]
[PlyCount "85"]
[EventDate "1995.??.??"]

{5/(15)} 1. e4 c5 2. Nc3 Nc6 3. f4 d6 4. Bc4 Nf6 5. d3 Bg4 6. Nf3 e6 7. h3 Bxf3
8. Qxf3 Be7 9. Be3 O-O 10. O-O-O Qa5 11. g4 Nd4 12. Bxd4 cxd4 13. Ne2 b5 14.
Bb3 Nd7 15. Nxd4 Nc5 16. Nc6 Qc7 17. Nxe7+ Qxe7 18. f5 a5 19. d4 Qg5+ 20. Kb1
Nxb3 21. cxb3 Qe7 22. Rc1 Qd7 23. e5 dxe5 24. dxe5 Qd4 25. Rhe1 Rad8 26. Rcd1
Qc5 27. Qc3 Qb4 28. Qxb4 axb4 29. Rxd8 Rxd8 30. Re4 Rd5 31. Rxb4 exf5 32. gxf5
Rxe5 33. a4 Kf8 34. axb5 Re7 35. b6 Rb7 36. Kc2 Ke7 37. Kd3 Kd6 38. Kc4 Kc6 39.
Rb5 Rxb6 40. Rxb6+ Kxb6 41. Kd5 Kb5 42. f6 g5 43. Ke5 1-0